|
|
|
|
| LEADER |
00000cam a2200000 7i4500 |
| 001 |
0000024431 |
| 005 |
20120514.0 |
| 008 |
120510s njuo eng |
| 020 |
|
|
|a 0471790192
|
| 040 |
|
|
|a INS
|
| 090 |
0 |
0 |
|a HV551.3
|b S39 2007
|
| 100 |
1 |
|
|a Schwab, Anna J.
|
| 245 |
1 |
0 |
|a Hazard mitigation and preparedness :
|b building resilient communities
|c Anna J. Schwab, Katherine Eschelbach and David J. Brower
|
| 260 |
|
|
|a New Jersey :
|b John Wiley & Sons, Inc ,
|c 2007
|
| 300 |
|
|
|a xiv, 568p. :
|b ill. ;
|c 23cm.
|
| 500 |
|
|
|a Hadiah daripada Wiley
|
| 500 |
|
|
|a Includes index
|
| 650 |
|
0 |
|a Community power
|z United States
|
| 650 |
|
0 |
|a Emergency management
|z United States
|
| 650 |
|
0 |
|a Hazard mitigation
|z United States
|
| 700 |
1 |
|
|a Brower, David J.
|
| 700 |
1 |
|
|a Eschelbach, Katherine
|
| 999 |
|
|
|a 1000000894
|b BOOK
|c Open Shelf
|e Default branch
|